Putování za kouzelnou mocí /
Dobrodružství zavržených zvířecích pomocníků, kteří bojují o záchranu své magie a domova.
Uloženo v:
| Hlavní autor: | |
|---|---|
| Další autoři: | |
| Médium: | Kniha |
| Jazyk: | Czech |
| Vydáno: |
Praha :
Euromedia Group,
2023
|
| Vydání: | Vydání první |
| Edice: | Pikola (Euromedia)
|
| Témata: | |
| Celkem bylo vypůjčeno: | 0x |
| Tagy: |
Žádné tagy |
| LEADER | 02383nam a2200493 i 4500 | ||
|---|---|---|---|
| 001 | 106457 | ||
| 003 | CZ PrNK | ||
| 005 | 20260603105016.0 | ||
| 007 | ta | ||
| 008 | 230914s2023 xr b 000 f cze | ||
| 015 | |a cnb003521587 | ||
| 020 | |a 9788024292304 |q (brožováno) | ||
| 040 | |a ABG001 |b cze |e rda | ||
| 041 | 1 | |a cze |h eng | |
| 072 | 7 | |a 821.111(73)-3 |x Americká próza |2 Konspekt |9 25 | |
| 072 | 7 | |a 821-93 |x Literatura pro děti a mládež (beletrie) |2 Konspekt |9 26 | |
| 080 | |a 821.111(73)-31 |2 MRF | ||
| 080 | |a 821-93 |2 MRF | ||
| 080 | |a (0:82-312.9) |2 MRF | ||
| 100 | 1 | |a Durst, Sarah Beth |7 ola2016928272 |4 aut |9 116064 | |
| 240 | 1 | 0 | |a Shelterlings. |l Česky |
| 245 | 1 | 0 | |a Putování za kouzelnou mocí / |c Sarah Beth Durst ; přeložila Lucie Šavlíková |
| 250 | |a Vydání první | ||
| 264 | 1 | |a Praha : |b Euromedia Group, |c 2023 | |
| 300 | |a 215 stran ; |c 21 cm | ||
| 336 | |a text |b txt |2 rdacontent | ||
| 337 | |a bez média |b n |2 rdamedia | ||
| 338 | |a svazek |b nc |2 rdacarrier | ||
| 490 | 1 | |a Pikola | |
| 500 | |a Přeloženo z angličtiny | ||
| 520 | 2 | |a Dobrodružství zavržených zvířecích pomocníků, kteří bojují o záchranu své magie a domova. |b Vítejte v říši, kde skoro každé zvíře oplývá kouzelnými schopnostmi! Má to ale háček - nadání některých obyvatel je trochu zvláštní. Třeba veverka Violka: umí čarovat, ale pouze a jedině pečivo. A rozhodně není jediná, kdo je tak trochu jiný. Zdá se, že pro zvířátka s takovými neužitečnými schopnostmi není na světě místo, takže živoří v Útulku pro odmítnuté pomocníky. Jednoho dne však přijde bobr Oliver s neodolatelnou nabídkou: Co kdybychom ta naše nadání nějak opravili? Nakladatelská anotace. Kráceno. | |
| 521 | 8 | |a Pro děti od 7 let | |
| 655 | 7 | |a americké romány |7 fd131796 |2 czenas |9 53403 | |
| 655 | 7 | |a fantasy romány |7 fd184199 |2 czenas |9 54250 | |
| 655 | 7 | |a publikace pro děti |7 fd133156 |2 czenas |9 23 | |
| 655 | 9 | |a American fiction |2 eczenas | |
| 655 | 9 | |a fantasy novels |2 eczenas | |
| 655 | 9 | |a children's literature |2 eczenas | |
| 700 | 1 | |a Šavlíková, Lucie, |d 1970- |7 jn19981002458 |4 trl |9 21506 | |
| 830 | 0 | |a Pikola (Euromedia) | |
| 910 | |a UOG502 | ||
| 942 | |2 ddc |c KN | ||
| 999 | |d 106457 | ||
| 993 | |0 0 |1 421180107174 |2 ddc |4 0 |6 M_I |7 0 |9 99893 |b 0 |c 107174 |d 2026-06-03 |e 0 |f M |g M/I |h 359.00 |i Koupě |l M |r 2026-06-03 |t 8 |w 2026-06-03 |y KN |z BELET |n | ||